صنعاء / (رقم التسجيلة. 33812)

تفاصيل مارك
000 -LEADER
fixed length control field 00577nam a22002057a 4500
005 - DATE AND TIME OF LATEST TRANSACTION
control field 20251108165900.0
008 - FIXED-LENGTH DATA ELEMENTS--GENERAL INFORMATION
fixed length control field 250721s1984 xx 000 0 ara d
082 14 - DEWEY DECIMAL CLASSIFICATION NUMBER
Classification number ط/915.662/شري
100 1# - MAIN ENTRY--PERSONAL NAME
Personal name الراس، شريف
245 10 - TITLE STATEMENT
Title صنعاء /
250 ## - EDITION STATEMENT
Edition statement ط2
264 1# - PRODUCTION, PUBLICATION, DISTRIBUTION, MANUFACTURE, AND COPYRIGHT NOTICE
Place of production, publication, distribution, manufacture بيروت :
Name of producer, publisher, distributor, manufacturer مركز دراسات الوحدة العربية،
Date of production, publication, distribution, manufacture, or copyright notice 1984.
300 ## - PHYSICAL DESCRIPTION
Extent 16ص : مص
490 0# - SERIES STATEMENT
Series statement ربوع بلادي ؛ 5
650 17 - SUBJECT ADDED ENTRY--TOPICAL TERM
Topical term or geographic name as entry element اليمن
650 17 - SUBJECT ADDED ENTRY--TOPICAL TERM
Topical term or geographic name as entry element المدن العربية
650 17 - SUBJECT ADDED ENTRY--TOPICAL TERM
Topical term or geographic name as entry element الرحلات و السفر
942 ## - ADDED ENTRY ELEMENTS (KOHA)
Source of classification or shelving scheme Dewey Decimal Classification
Koha item type كتب
المقتنيات
حالة السحب حالة الفقدان مصدر التصنيف حالة التلف غير قابل للإعارة المكتبة الرئيسية المكتبة الحالية موقع الرف تاريخ التزويد الرقم المتسلسل Total Checkouts رقم الإستدعاء تاريخ آخر ظهور تاريخ الفاتورة نوع المادة (كوها) الباركود
    Dewey Decimal Classification     مكتبة الحسن العامة مكتبة الحسن العامة الأطفال 05/04/2019 152610   ط/915.662/شري 28/07/2025 05/04/2019 كتب PLD00448654
    Dewey Decimal Classification     مكتبة الحسن العامة مكتبة الحسن العامة الأطفال 05/04/2019 [15282]   ط/915.662/شري 28/07/2025 05/04/2019 كتب PLD00448655
    Dewey Decimal Classification     مكتبة الحسن العامة مكتبة الحسن العامة الأطفال 05/04/2019 [15272]   ط/915.662/شري 28/07/2025 05/04/2019 كتب PLD00448656
    Dewey Decimal Classification Unchecked   مكتبة النصر العامة مكتبة النصر العامة الأطفال 06/07/2004 173   ط/915.662/شري 28/07/2025 06/07/2004 كتب  
    Dewey Decimal Classification Unchecked   مكتبة حمزة العامة مكتبة حمزة العامة الأطفال 06/07/2004 1605   ط/915.662/شري 28/07/2025 06/07/2004 كتب  
    Dewey Decimal Classification Unchecked   مكتبة حمزة العامة مكتبة حمزة العامة الأطفال 06/07/2004 1606   ط/915.662/شري 28/07/2025 06/07/2004 كتب  
    Dewey Decimal Classification Unchecked   مكتبة حمزة العامة مكتبة حمزة العامة الأطفال 06/07/2004 1607   ط/915.662/شري 28/07/2025 06/07/2004 كتب  
    Dewey Decimal Classification Unchecked   مكتبة وادي السير العامة مكتبة وادي السير العامة الأطفال 06/07/2004 873   ط/915.662/شري 28/07/2025 06/07/2004 كتب  
    Dewey Decimal Classification     مكتبة وادي السير العامة مكتبة وادي السير العامة الأطفال 30/08/2015 [873]   ط/915.662/شري 28/07/2025 30/08/2015 كتب PLD00343670
Implemented & Customized by: BBB with SCIT (Smart Chains for Information Technology)

Powered by Koha